书目信息 |
| 题名: |
英语基础模块教师用书
|
|
| 作者: | 耿颖杰 总主编 ;曲琳 , 范复旺 册主编 | |
| 分册: | 第1册 | |
| 出版信息: | 济南 山东画报出版社 2021.08 |
|
| 页数: | 157页 | |
| 开本: | 26cm | |
| 丛书名: | ||
| 单 册: | ||
| 中图分类: | G633.413 | |
| 科图分类: | ||
| 主题词: | 英语课--中等专业教育--教学参考资料 | |
| 电子资源: | ||
| ISBN: | 978-7-5474-2751-4 | |
| 000 | 00927nam0 2200265 450 | |
| 001 | 012001000433 | |
| 005 | 20221207143744.54 | |
| 010 | @a978-7-5474-2751-4@dCNY30.00 | |
| 100 | @a20220905d2018 em y0chiy50 ea | |
| 101 | 0 | @achi@aeng |
| 102 | @aCN@b370000 | |
| 105 | @ay z 000yy | |
| 106 | @ar | |
| 200 | 1 | @a英语基础模块教师用书@Aying yu ji chu mo kuai jiao shi yong shu@h第1册@f耿颖杰总主编@g曲琳,范复旺册主编 |
| 210 | @a济南@c山东画报出版社@d2021.08 | |
| 215 | @a157页@d26cm | |
| 300 | @a山东省职业教育教材配套教师用书 | |
| 330 | @a本书分为八个单元,每个单元包括教学目标、核心内容、听力文字、教学建议、自我提升、参考答案和语法七部分。 | |
| 606 | 0 | @a英语课@x中等专业教育@j教学参考资料 |
| 690 | @aG633.413@v5 | |
| 701 | 0 | @a耿颖杰@Ageng ying jie@4总主编 |
| 702 | 0 | @a曲琳@Aqu lin@4册主编 |
| 702 | 0 | @a范复旺@Afan fu wang@4册主编 |
| 801 | 0 | @aCN@bAHXH@c20221111 |
| 905 | @b1364400-4@dG633.413@e1027:1@f5 | |
| 英语基础模块教师用书.第1册/耿颖杰总主编/曲琳,范复旺册主编.-济南:山东画报出版社,2021.08 |
| 157页;26cm |
| 山东省职业教育教材配套教师用书 |
| ISBN 978-7-5474-2751-4:CNY30.00 |
| 本书分为八个单元,每个单元包括教学目标、核心内容、听力文字、教学建议、自我提升、参考答案和语法七部分。 |
| ● |
| 相关链接 |
|
|
|
|
正题名:英语基础模块教师用书
索取号:G633.413/1027:1
 
预约/预借
| 序号 | 登录号 | 条形码 | 馆藏地/架位号 | 状态 | 备注 |
| 1 | 1364400 | 213644001 | 第一样本阅览室/ [索取号:G633.413/1027:1] | 在馆 | |
| 2 | 1364401 | 213644010 | 教育系资料室/ [索取号:G633.413/1027:1] | 在馆 | |
| 3 | 1364402 | 213644029 | 教育系资料室/ [索取号:G633.413/1027:1] | 在馆 | |
| 4 | 1364403 | 213644038 | 第四借阅区/ [索取号:G633.413/1027:1] | 在馆 | |
| 5 | 1364404 | 213644047 | 第四借阅区/ [索取号:G633.413/1027:1] | 在馆 |